000 00266 a2200145 4500
001 59032
020 _a
040 _cAnchieta - Pituba
100 _aBaptista, João
240 1 0 _aBahia
_lpor
245 1 0 _aBahia
300 _a45
650 4 _aBahia
942 _cBK
999 _c59032
_d59032